000 00523cab a2200217 4500
001 X1309
008 090401t1994 xxu||||| |||| 00| 0 eng d
035 _a(Sirsi) u16124
041 _aeng
245 _aPublic sector capital squeeze
260 _c1994
350 _a0
490 _aCSM (Chartered Surveyor Monthly)
_v3(6) March 1994, 4(1)
650 _aBCIS
650 _aCAPITAL SPENDING
650 _aFINANCE
650 _aPUBLIC SECTOR
690 _aECONOMIC AND SOCIAL
942 _n0
948 _c04/03/1997
999 _c10601
_d10601